Čo trápi rodinné firmy

Problémy rodinných firiem. Medzigeneračný presun riadenia. Chýbajúca skúsenosť a tradícia rodinného podnikania. Základné kroky smerujúce k udržaniu rodinného podnikania. Rodinný holding.

Salvato in:
Dettagli Bibliografici
Autore principale: Makarová, Xénia
Natura: Capitolo di libro
Lingua:slovacco
Soggetti:
Tags: Aggiungi Tag
Nessun Tag, puoi essere il primo ad aggiungerne!!

MARC

LEADER 00000naa a2200000 4500
001 0210761
005 20231113104228.7
041 0 |a slo 
044 |a SK 
245 1 0 |a Čo trápi rodinné firmy  |c Xénia Makarová 
520 |a Problémy rodinných firiem. Medzigeneračný presun riadenia. Chýbajúca skúsenosť a tradícia rodinného podnikania. Základné kroky smerujúce k udržaniu rodinného podnikania. Rodinný holding. 
610 2 0 |a podnik rodinný 
610 2 0 |a podnikanie 
610 2 0 |a podnikatelia 
610 2 0 |a holding 
610 2 0 |a dedičstvo 
100 1 |a Makarová, Xénia